000 01113nam a22002057a 4500
008 140411b xxu||||| |||| 00| 0 eng d
020 _a9780979734427
050 _aHF1379.C938
100 _aCzinkota,Michael R.
245 _aFundamentals of international business. /
_cMichael R.Czinkota, Ilkka A. Ronkainen and Michael H. Moffett
250 _a2nd ed.
260 _aNew York:
_bWessex,
_c2009.
300 _axxvi,359 p: + various pagings:
_bill.;
_c25cm.
500 _aIncludes index
505 _aContents: Globalization -- Globalization Drivers: Cultural environments -- Global trade environment -- Politics and Laws -- Economic integration -- Global trade and investment: Trade and investment theory: The International economic activity of the nation -- Global finance: Foreign exchange and global financial markets -- global financial management -- Global operations: Exporting and global expansion -- Global marketing -- Global supply chain -- Managing globally -- The Future.
650 _aInternational Business
700 _aIlkka A. Ronkainen
700 _aMichael H. Moffett
942 _2lcc
_cBK
999 _c2844
_d10344